000
00366nam a22001457a 4500
003
macl
005
20150612155023.0
008
150612b xxu||||| |||| 00| 0 eng d
040
_c
macl
082
_a
910
100
_a
द्रिवेदी, डॉ हिमांशु
_9
222
245
_a
बहाव
650
_a
यात्रा
_9
223
942
_2
ddc
_c
HIN
999
_c
49845
_d
49845